| 000 | 00697nam a22002417a 4500 | ||
|---|---|---|---|
| 005 | 20170124105952.0 | ||
| 010 | _aA-055647 | ||
| 020 | _c00.00 | ||
| 035 | _aA-055647 | ||
| 037 | _bCen Lib/Ret | ||
| 040 |
_aDPL _bEN |
||
| 082 |
_a338.9 _bMEI |
||
| 100 |
_aMeier, Gerald M. _910500 |
||
| 245 |
_aLeading issues in economic development / _cby Gerald M. Meier |
||
| 250 | _a3rd ed | ||
| 260 |
_aNew York _bOxford University Press _c1980 |
||
| 270 | _bNew York | ||
| 300 |
_axv,862p. _c23cm(Hb) |
||
| 500 | _aIncludes bibliographical references and index | ||
| 650 |
_aEconomic development _91481 |
||
| 650 |
_aEconomic history _96496 |
||
| 942 |
_2ddc _cEN _h338.9 _mMEI |
||
| 999 |
_c125340 _d125340 |
||